Wigmore on Cannabis The Forensic Toxicology of Marijuana for Lawyers and Other Medicolegal Professionals /

Detalles Bibliográficos
Autor principal: Wigmore, James G.
Formato: eBook
Lenguaje:inglés
Publicado: Toronto: Irwin Law Inc., 2018
Materias:
Acceso en línea:Acceso restringido

MARC

LEADER 00000nam a22000007a 4500
005 20210817224829.0
007 cr|||| |||
008 210817s2018 ca |||||s|||| 00||0 eng d
020 |a 978-1-55221-485-5 
035 |a 34997 
040 |a vLex 
090 |c 12040  |d 12040 
100 1 |a Wigmore, James G. 
245 1 0 |a Wigmore on Cannabis  |h [Recurso electrn̤ico] :  |b The Forensic Toxicology of Marijuana for Lawyers and Other Medicolegal Professionals /  |c James G. Wigmore 
256 |a Servicio en ln̕ea 
260 |a Toronto:  |b Irwin Law Inc.,  |c 2018 
300 |a 1 recurso electrn̤ico 
506 1 |a Disponible solo en los productos indicados  |d vLex Global  |d vLex Global (Academic Edition, excluding Law Schools)  |d vLex Global (U.S. Academic Edition, Law Schools)  |d vLex Global (U.S. Academic Edition, excluding Law Schools)  |d vLex Global (Academic Edition, Law Schools) 
650 0 4 |a Derecho Penal  |z Canad̀ 
650 0 4 |a Derecho Pb︢lico y Administrativo  |z Canad̀ 
740 0 |a vLex Libros (Servicio en ln̕ea) 
856 4 0 |u https://app.vlex.com/#/sources/34997  |z Acceso restringido 
942 |c BOOK 
999 0 |a Criminal Law 
999 0 |a Public and Administrative Law